| 000 | 00530nam a2200193Ia 4500 | ||
|---|---|---|---|
| 005 | 20240823054520.0 | ||
| 008 | 240823s9999||||xx |||||||||||||| ||und|| | ||
| 020 | _a0-03-063788-0 | ||
| 041 | _aENGLISH | ||
| 082 | _A300.724 M5 | ||
| 100 | _a"Green, Rodney D" | ||
| 245 | 0 | _a"Forecasting with Computer Models: Econometric, Population and energy Forecasting" | |
| 250 | _a1st | ||
| 260 |
_c1985 _b"Praeger,New York" |
||
| 500 | _aYES | ||
| 650 |
_aEconomic Development _bManagement Studies |
||
| 942 | _cBK | ||
| 999 |
_c226634 _d226634 |
||